[Event "DVM U10 2020"]
[Site "Magdeburg GER"]
[Date "2021.08.07"]
[Round "4"]
[White "Snover, Tom"]
[Black "Nguyen Duc, Tien Dat"]
[Result "1-0"]
[Termination "normal"]
[Board "16.1"]
[WhiteElo "1525"]
[BlackElo "950"]
[WhiteTeam "Schachclub Aschaffenburg e.V."]
[BlackTeam "SAV Torgelow-Drögeheide 90"]
[PlyCount "87"]
[WhiteFideId "34604553"]
[EventCountry "GER"]
[EventRounds "7"]
[EventType "team-swiss"]
[EventDate "2021.08.06"]

{[%evp 0,68,18,19,24,10,18,8,64,55,99,48,46,53,45,11,31,28,44,55,80,64,155,111,
160,148,139,122,122,115,115,97,175,104,147,113,113,79,160,160,222,222,222,212,
236,220,290,283,340,340,462,462,687,462,488,488,496,412,398,398,437,427,435,
396,396,376,469,467,484,476,476] normal} 1. e4 e5 2. Nf3 Nc6 3. Bb5 Bb4 4. c3
Bc5 5. d3 Nf6 6. O-O O-O 7. Bxc6 bxc6 8. Nxe5 Re8 9. Nf3 d5 10. e5 Ng4 11. d4
Bb6 12. h3 Nh6 13. Bxh6 gxh6 14. a4 a5 15. Re1 Kh8 16. Nbd2 c5 17. Nf1 cxd4 18.
cxd4 Re7 19. Qc1 Qe8 20. Qxh6 Re6 21. Qd2 Bb7 22. Ng3 Bc6 23. Nh5 Rg6 24. Nh4
Re6 25. Nf6 Qe7 26. Qh6 Rxf6 27. exf6 Qf8 28. Qxf8+ Rxf8 29. Nf3 h6 30. b3 Kh7
31. Rac1 Bb7 32. Rcd1 Kg6 33. Ne5+ Kxf6 34. Nd7+ Kg7 35. Nxf8 Kxf8 36. Kh2 Kg7
37. Kg3 f5 38. Kf4 Kf6 39. Re5 c5 40. Rxf5+ Ke6 41. Re1+ Kd6 42. Rf6+ Kc7 43.
Re7+ Kb8 44. Rxb6 1-0

[Event "DVM U10 2020"]
[Site "Magdeburg GER"]
[Date "2021.08.07"]
[Round "4"]
[White "Wilke, Ronja"]
[Black "Schwab, Florentin"]
[Result "0-1"]
[Termination "normal"]
[Board "16.2"]
[WhiteElo "862"]
[BlackElo "934"]
[WhiteTeam "SAV Torgelow-Drögeheide 90"]
[BlackTeam "Schachclub Aschaffenburg e.V."]
[PlyCount "70"]
[WhiteFideId "16288378"]
[BlackFideId "34669051"]
[EventCountry "GER"]
[EventRounds "7"]
[EventType "team-swiss"]
[EventDate "2021.08.06"]

{[%evp 0,70,18,19,18,33,33,21,31,8,75,22,43,42,85,64,53,53,45,45,41,33,44,45,
63,24,54,32,26,38,45,-26,-15,-24,-13,-22,4,-21,-21,-23,1,-31,0,-31,-15,-56,-63,
-23,-23,-91,-40,-928,-928,-928,-883,-883,-883,-883,-117,-507,-507,-507,-645,
-29997,-76,-509,0,-29993,-29984,-29997,-29998,-29999,-30000] normal} 1. e4 e5
2. Nf3 Nc6 3. Nc3 Nf6 4. Bb5 d6 5. d3 Bg4 6. h3 Be6 7. O-O a6 8. Bxc6+ bxc6 9.
b3 Be7 10. d4 exd4 11. Nxd4 Qd7 12. Nxe6 fxe6 13. Ba3 O-O 14. e5 Nd5 15. Nxd5
cxd5 16. exd6 cxd6 17. Bb2 Rf7 18. Qd2 Raf8 19. Qe2 Qc8 20. Rac1 Bh4 21. g3 Be7
22. c4 e5 23. cxd5 Qxh3 24. Rc2 Rf6 25. Qxa6 Rh6 26. f4 Qh1+ 27. Kf2 Qh2+ 28.
Ke1 Qxg3+ 29. Rff2 Rh1+ 30. Ke2 Rxf4 31. Rxf4 Rh2+ 32. Kd1 Qxf4 33. Ke1 Rxc2
34. Ba3 Qe3+ 35. Kf1 Qf2# 0-1

[Event "DVM U10 2020"]
[Site "Magdeburg GER"]
[Date "2021.08.07"]
[Round "4"]
[White "Mauch, Jurek"]
[Black "Wrage, Julius"]
[Result "1-0"]
[Termination "normal"]
[Board "16.3"]
[WhiteElo "764"]
[BlackElo "769"]
[WhiteTeam "Schachclub Aschaffenburg e.V."]
[BlackTeam "SAV Torgelow-Drögeheide 90"]
[PlyCount "111"]
[WhiteFideId "34627634"]
[BlackFideId "34634673"]
[EventCountry "GER"]
[EventRounds "7"]
[EventType "team-swiss"]
[EventDate "2021.08.06"]

{[%evp 0,70,18,19,18,25,25,37,24,11,67,16,13,1,48,34,62,26,43,-13,8,-3,-10,-10,
5,-12,-23,-24,-5,-17,-1,-3,66,-17,112,102,116,62,161,108,102,113,103,76,127,91,
125,113,151,137,120,60,170,166,158,160,160,166,166,-185,-185,-708,-724,-724,
-657,-672,-448,-625,-565,-744,-255,-261,-262] normal} 1. e4 e5 2. Nf3 Nc6 3.
Bc4 Bc5 4. O-O d6 5. d3 Nf6 6. Nc3 Bg4 7. h3 Bxf3 8. Qxf3 Nd4 9. Qd1 h6 10. Re1
O-O 11. Be3 Bb6 12. Bd5 c6 13. Bb3 Ba5 14. a3 Nb5 15. Bd2 Bb6 16. Be3 d5 17.
Bxb6 Qxb6 18. exd5 Rad8 19. dxc6 Qxc6 20. Nxb5 Qxb5 21. c4 Qc6 22. Ba4 Qe6 23.
Qf3 Rb8 24. Rad1 Qa6 25. Bb5 Qb6 26. Rxe5 Qd4 27. Re2 a6 28. Ba4 b5 29. cxb5
Qxa4 30. bxa6 Qxd1+ 31. Kh2 Qc1 32. d4 Rfe8 33. Rxe8+ Rxe8 34. a7 Qxb2 35. a8=Q
Rxa8 36. Qxa8+ Kh7 37. d5 Qd2 38. a4 Nxd5 39. a5 Nc7 40. Qa7 Qd6+ 41. g3 Nb5
42. Qa8 Nd4 43. a6 Nb5 44. a7 f5 45. Qb8 Qa6 46. a8=Q Nc7 47. Qxa6 Nxa6 48. Qb6
Nb4 49. Qxb4 g5 50. h4 gxh4 51. gxh4 Kg6 52. f3 Kh5 53. Kh3 Kg6 54. Qb6+ Kh5
55. Kg2 Kxh4 56. Qxh6# 1-0

[Event "DVM U10 2020"]
[Site "Magdeburg GER"]
[Date "2021.08.07"]
[Round "4"]
[White "Rudolph, Simon"]
[Black "Hoffmann, Svenja"]
[Result "0-1"]
[Termination "normal"]
[Board "17.1"]
[WhiteElo "1207"]
[BlackElo "1307"]
[WhiteTeam "SC Leipzig-Lindenau"]
[BlackTeam "Schachzwerge Magdeburg"]
[PlyCount "148"]
[WhiteFideId "34617078"]
[BlackFideId "16287312"]
[EventCountry "GER"]
[EventRounds "7"]
[EventType "team-swiss"]
[EventDate "2021.08.06"]

{[%evp 0,54,18,19,36,10,48,3,25,-14,-6,5,90,4,-10,-14,0,7,24,-5,31,-5,48,-9,12,
9,-3,-56,-55,-44,27,-40,-1,-39,168,166,134,108,87,117,156,96,439,439,439,418,
469,390,390,317,322,285,324,271,250,257,257] normal} 1. e4 e5 2. Nf3 Nc6 3. Bb5
a6 4. Ba4 b5 5. Bb3 Na5 6. c3 Nxb3 7. Qxb3 d6 8. d4 Qe7 9. O-O Bb7 10. d5 Nf6
11. Re1 Qd7 12. c4 c6 13. Nc3 bxc4 14. Qxc4 a5 15. Qd3 Ba6 16. Qc2 g6 17. Na4
Rb8 18. dxc6 Qc7 19. Be3 Bb5 20. Nc3 Bxc6 21. Nd5 Nxd5 22. exd5 Rc8 23. dxc6
Qxc6 24. Qxc6+ Rxc6 25. Nd4 Rc8 26. f4 Bg7 27. fxe5 dxe5 28. Nb5 O-O 29. Nc3
Rfe8 30. Ne4 Rc2 31. b3 f5 32. Nd6 Re6 33. Nb5 f4 34. Bf2 Re7 35. Na3 Rc6 36.
Nc4 Ra6 37. Bh4 Ree6 38. Rad1 h6 39. g3 g5 40. gxf4 gxh4 41. fxe5 Rg6+ 42. Kf2
Rae6 43. Rd6 Kf7 44. Rd8 Ke7 45. Kf3 Kxd8 46. Nxa5 Ke7 47. Nc4 Rg5 48. Kf4 Rg2
49. Ke4 Rxh2 50. Kd5 Rxa2 51. Rc1 h3 52. b4 Ra8 53. b5 Rb8 54. Kc5 Bxe5 55. b6
Bd6+ 56. Kd5 Rg6 57. Rb1 h2 58. b7 Rg5+ 59. Kd4 Bc5+ 60. Ke4 Rf8 61. Ne5 Ke6
62. Nf3 Rg4+ 63. Kd3 Rxf3+ 64. Ke2 Rf8 65. Kd2 Rb8 66. Re1+ Kd5 67. Ke2 Rxb7
68. Kf3 Rg1 69. Ke2 Rxe1+ 70. Kd3 h1=Q 71. Kc3 Rb4 72. Kd3 Qh3+ 73. Kd2 Rb2+
74. Kxe1 Qh1# 0-1

[Event "DVM U10 2020"]
[Site "Magdeburg GER"]
[Date "2021.08.07"]
[Round "4"]
[White "Pflug, Anton"]
[Black "Richter, Peter"]
[Result "1-0"]
[Termination "normal"]
[Board "17.2"]
[WhiteElo "1113"]
[BlackElo "802"]
[WhiteTeam "Schachzwerge Magdeburg"]
[BlackTeam "SC Leipzig-Lindenau"]
[PlyCount "33"]
[WhiteFideId "34611495"]
[BlackFideId "34617094"]
[EventCountry "GER"]
[EventRounds "7"]
[EventType "team-swiss"]
[EventDate "2021.08.06"]

{[%evp 0,33,22,32,32,32,61,67,98,98,70,99,95,92,92,76,75,52,76,21,84,63,62,33,
67,42,72,44,145,75,974,974,29997,29998,29999,-30000] normal} 1. e4 d5 2. exd5
Qxd5 3. Nc3 Qd8 4. d4 Nf6 5. Nf3 g6 6. Bc4 Bg7 7. O-O O-O 8. Be3 Nc6 9. Qd2 b6
10. Rad1 Bb7 11. Bh6 Bxh6 12. Qxh6 Ng4 13. Qh3 Bc8 14. Qh4 Re8 15. Ng5 Nce5 16.
Qxh7+ Kf8 17. Qh8# 1-0

[Event "DVM U10 2020"]
[Site "Magdeburg GER"]
[Date "2021.08.07"]
[Round "4"]
[White "Eschrig, Immanuel"]
[Black "Dietrich, Fabian"]
[Result "1-0"]
[Termination "normal"]
[Board "18.1"]
[WhiteElo "1094"]
[BlackElo "1174"]
[WhiteTeam "Greifswalder SV"]
[BlackTeam "SK Marburg 1931/72"]
[PlyCount "71"]
[WhiteFideId "34626506"]
[BlackFideId "34640240"]
[EventCountry "GER"]
[EventRounds "7"]
[EventType "team-swiss"]
[EventDate "2021.08.06"]

{[%evp 0,51,27,9,8,6,-4,24,14,18,50,9,1,11,7,-21,-1,-35,265,243,218,221,219,
209,408,408,408,405,455,455,486,492,518,530,540,540,521,536,536,523,567,559,
604,619,632,610,611,504,482,494,534,548,778,639] normal} 1. e4 e5 2. Nf3 Nc6 3.
Nc3 Nf6 4. Bb5 d6 5. d3 Be7 6. h3 O-O 7. Bg5 h6 8. Bh4 Nxe4 9. Bxe7 Nxc3 10.
Bxd8 Nxd1 11. Bxc7 a6 12. Bxc6 bxc6 13. Rxd1 Ra7 14. Bxd6 Rd8 15. Bxe5 Re8 16.
O-O f6 17. Bd4 Rb7 18. Rde1 Rxe1 19. Rxe1 Kh7 20. Re8 Bf5 21. Ra8 c5 22. Bxc5
Rxb2 23. Rxa6 Rxc2 24. d4 Rc3 25. a4 Bxh3 26. gxh3 Rxf3 27. Kg2 Rb3 28. Ra8 g5
29. a5 Rb1 30. a6 Ra1 31. a7 Kg7 32. Rc8 Rxa7 33. Bxa7 Kf7 34. d5 Ke7 35. Bc5+
Kd7 36. Rh8 1-0

[Event "DVM U10 2020"]
[Site "Magdeburg GER"]
[Date "2021.08.07"]
[Round "4"]
[White "Jung, Lukas"]
[Black "Khanbekyan, Aram"]
[Result "1-0"]
[Termination "normal"]
[Board "18.2"]
[WhiteElo "865"]
[BlackElo "900"]
[WhiteTeam "SK Marburg 1931/72"]
[BlackTeam "Greifswalder SV"]
[PlyCount "45"]
[BlackFideId "34606149"]
[EventCountry "GER"]
[EventRounds "7"]
[EventType "team-swiss"]
[EventDate "2021.08.06"]

{[%evp 0,45,27,9,43,25,82,100,71,65,112,29,53,-3,43,-37,-46,-37,-24,-116,-47,
-185,-147,-169,-163,-173,234,286,259,304,314,335,304,281,280,277,519,524,601,
889,1213,835,1130,1029,29997,29998,29999,-30000] normal} 1. e4 c5 2. Bc4 d6 3.
Nc3 Nc6 4. Nf3 g6 5. Ng5 Ne5 6. d3 Bg7 7. Bf4 Nxc4 8. dxc4 Nf6 9. Qf3 O-O 10.
Nd5 Nxd5 11. exd5 Bxb2 12. Rb1 Bd7 13. Rxb2 Qa5+ 14. Bd2 Qc7 15. O-O f6 16. Ne6
Bxe6 17. dxe6 a5 18. Rxb7 Qc8 19. Rxe7 Qd8 20. Rd7 Qb8 21. Qh3 Re8 22. Qxh7+
Kf8 23. Qf7# 1-0

[Event "DVM U10 2020"]
[Site "Magdeburg GER"]
[Date "2021.08.07"]
[Round "4"]
[White "Küstner, Frieder"]
[Black "Piller, Rafael"]
[Result "0-1"]
[Termination "normal"]
[Board "18.3"]
[WhiteElo "727"]
[BlackElo "931"]
[WhiteTeam "Greifswalder SV"]
[BlackTeam "SK Marburg 1931/72"]
[PlyCount "58"]
[EventCountry "GER"]
[EventRounds "7"]
[EventType "team-swiss"]
[EventDate "2021.08.06"]

{[%evp 0,58,27,9,36,36,66,24,13,13,8,8,107,89,68,66,66,66,104,104,151,29,337,
145,145,120,82,-162,28,-131,139,-150,431,220,353,219,527,344,334,347,436,474,
621,443,854,183,221,111,584,576,598,581,916,590,1127,865,1886,-29995,-29996,
-29999,-30000] normal} 1. e4 e5 2. Nf3 Bc5 3. Bc4 Nc6 4. Nc3 Nf6 5. d3 Ng4 6.
O-O d6 7. Bg5 Nf6 8. Nd5 Be6 9. c3 h6 10. Bh4 Qd7 11. Nxf6+ gxf6 12. Bxf6 Rg8
13. d4 exd4 14. cxd4 Bh3 15. Nh4 d5 16. exd5 Be7 17. Qf3 Bg4 18. Qf4 Bxf6 19.
Qxf6 Na5 20. Bd3 Qxd5 21. Rfe1+ Kd7 22. Qe7+ Kc8 23. Re5 Qc6 24. Rxa5 Bh3 25.
d5 Qb6 26. Rb5 Qd4 27. Rd1 Qg4 28. g3 Qxd1+ 29. Bf1 Qxf1# 0-1

[Event "DVM U10 2020"]
[Site "Magdeburg GER"]
[Date "2021.08.07"]
[Round "4"]
[White "Bredl, Leander"]
[Black "Zander, Ben Erik"]
[Result "0-1"]
[Termination "normal"]
[Board "19.1"]
[WhiteElo "1144"]
[BlackElo "958"]
[WhiteTeam "SC Garching 1980 e.V."]
[BlackTeam "Schachfreunde Hettstedt"]
[PlyCount "90"]
[WhiteFideId "34645268"]
[BlackFideId "34627090"]
[EventCountry "GER"]
[EventRounds "7"]
[EventType "team-swiss"]
[EventDate "2021.08.06"]

{[%evp 0,57,27,2,36,39,16,-27,-19,-88,2,-42,162,54,126,-23,139,11,121,38,28,6,
62,-27,37,34,32,20,25,-28,-50,-89,-2,-15,-30,-40,-41,-64,-63,-81,-87,-106,-46,
-52,-47,-303,-301,-293,-166,-577,-585,-577,-552,-552,-552,-851,-663,-718,-663,
-803] normal} 1. e4 e5 2. d4 exd4 3. Bc4 Nc6 4. c3 dxc3 5. Nf3 Be7 6. Nxc3 d6
7. O-O Bg4 8. h3 Bh5 9. Bb5 a6 10. Ba4 b5 11. Bb3 Ne5 12. g4 Bg6 13. Nxe5 dxe5
14. Qxd8+ Rxd8 15. Nd5 Rc8 16. Re1 c6 17. Nxe7 Nxe7 18. Bd2 c5 19. h4 h5 20. g5
Nc6 21. Bd5 Nd4 22. Rac1 Nf3+ 23. Kg2 Nxe1+ 24. Kg3 Nd3 25. Rc2 O-O 26. Bb7 Rb8
27. Bxa6 Bxe4 28. f3 Nb4 29. Bxb4 Bxc2 30. Bxc5 Rfd8 31. Be7 Rd1 32. Kg2 Re8
33. Bf6 gxf6 34. Bxb5 Rb8 35. Be2 Rd2 36. gxf6 Rxe2+ 37. Kg3 Re3 38. Kf2 Rd3
39. Kg3 Bd1 40. b4 Rxf3+ 41. Kg2 Rc8 42. b5 Rc2+ 43. Kg1 Rxa2 44. b6 Re3 45.
Kh1 Re1# 0-1

[Event "DVM U10 2020"]
[Site "Magdeburg GER"]
[Date "2021.08.07"]
[Round "4"]
[White "Kühne, Paul"]
[Black "Clarke-Griebsch, Elisa"]
[Result "1/2-1/2"]
[Termination "normal"]
[Board "19.2"]
[WhiteElo "1040"]
[BlackElo "886"]
[WhiteTeam "Schachfreunde Hettstedt"]
[BlackTeam "SC Garching 1980 e.V."]
[PlyCount "66"]
[EventCountry "GER"]
[EventRounds "7"]
[EventType "team-swiss"]
[EventDate "2021.08.06"]

{[%evp 0,50,27,16,27,27,12,25,11,10,22,1,64,80,88,30,72,23,14,-11,77,100,223,
207,210,14,56,60,39,66,87,51,112,100,101,100,120,14,101,116,135,147,134,129,
187,201,319,200,266,194,713,806,828] normal} 1. e4 e5 2. Nf3 Nc6 3. Nc3 Nf6 4.
Bb5 Bc5 5. Bxc6 bxc6 6. Nxe5 Bd4 7. Nf3 Bxc3 8. bxc3 Nxe4 9. Qe2 Qe7 10. O-O
O-O 11. Re1 d5 12. Bb2 Qd6 13. d3 Nf6 14. c4 h6 15. Be5 Qe6 16. cxd5 cxd5 17.
Nd4 Qe7 18. Nc6 Qe6 19. Nd4 Qd7 20. Bxf6 gxf6 21. Qh5 Qg4 22. Qxd5 Ba6 23. Re3
Kh7 24. Rg3 Qh4 25. Qf5+ Kh8 26. Rh3 Qg5 27. Qf3 Rab8 28. Rg3 Bb7 29. Qe2 Qe5
30. Qd2 Kh7 31. Rg4 Rg8 32. Re1 Qd5 33. f3 Rxg4 1/2-1/2

[Event "DVM U10 2020"]
[Site "Magdeburg GER"]
[Date "2021.08.07"]
[Round "4"]
[White "Piffczyk, Claudia"]
[Black "Heidenreich, Piero"]
[Result "0-1"]
[Termination "normal"]
[Board "19.3"]
[WhiteElo "907"]
[BlackElo "821"]
[WhiteTeam "SC Garching 1980 e.V."]
[BlackTeam "Schachfreunde Hettstedt"]
[PlyCount "90"]
[WhiteFideId "34639829"]
[BlackFideId "34664289"]
[EventCountry "GER"]
[EventRounds "7"]
[EventType "team-swiss"]
[EventDate "2021.08.06"]

{[%evp 0,58,26,37,23,33,13,28,37,18,18,-6,-6,-262,-221,-321,-341,-328,-287,
-354,-335,-387,-372,-471,-441,-523,-518,-530,-509,-520,-520,-588,-601,-660,
-667,-667,-644,-637,-632,-665,-629,-633,-650,-706,-681,-682,-681,-834,-834,
-1011,-1006,-941,-1099,-29987,-29988,-29989,-29990,-29991,-2639,-29995,-29992]
normal} 1. e4 e5 2. Nf3 Nc6 3. Bc4 Nf6 4. Nc3 Nxe4 5. Nxe4 d5 6. Bb3 dxe4 7.
O-O exf3 8. Qxf3 f6 9. Qh5+ g6 10. Qf3 Nd4 11. Ba4+ c6 12. Qe4 Bf5 13. Qh4 Nxc2
14. Bxc2 Bxc2 15. Qc4 Bd3 16. Qb3 Bxf1 17. Kxf1 Bc5 18. Qxb7 O-O 19. Qxc6 Qd4
20. Qf3 e4 21. Qb3+ Rf7 22. Qg3 f5 23. d3 f4 24. Bxf4 Rxf4 25. Qxf4 Rf8 26. Qh4
Rxf2+ 27. Kg1 Rf4+ 28. Kh1 Rxh4 29. dxe4 Rxh2+ 30. Kxh2 Qe5+ 31. g3 Qxb2+ 32.
Kh3 Qxa1 33. g4 Qc3+ 34. Kh4 Be7+ 35. g5 h6 36. a4 hxg5+ 37. Kg4 Kf7 38. a5 Qe3
39. e5 Qf4+ 40. Kh3 g4+ 41. Kg2 Qf3+ 42. Kh2 Qf2+ 43. Kh1 g3 44. e6+ Kg8 45. a6
Qh2# 0-1

[Event "DVM U10 2020"]
[Site "Magdeburg GER"]
[Date "2021.08.07"]
[Round "4"]
[White "Ecke, Erik"]
[Black "Stein, Julius"]
[Result "0-1"]
[Termination "normal"]
[Board "19.4"]
[WhiteElo "803"]
[BlackElo "763"]
[WhiteTeam "Schachfreunde Hettstedt"]
[BlackTeam "SC Garching 1980 e.V."]
[PlyCount "76"]
[WhiteFideId "16289420"]
[EventCountry "GER"]
[EventRounds "7"]
[EventType "team-swiss"]
[EventDate "2021.08.06"]

{[%evp 0,40,26,32,35,17,17,25,17,17,17,17,17,-47,96,-6,-5,-29995,-990,-990,
-990,-1303,-1144,-1165,-1188,-1188,-1099,-1164,-1218,-1323,-868,-912,-875,-929,
-893,-1974,-960,-1221,-1280,-1278,-1306,-1306,-1306] normal} 1. e4 e5 2. Nf3
Nc6 3. Nc3 Nf6 4. Bb5 Bc5 5. Bxc6 dxc6 6. Nxe5 Qe7 7. Nf3 Nxe4 8. Na4 Nc3+ 9.
Kf1 Nxd1 10. c3 Bg4 11. d4 Bxf3 12. gxf3 Bd6 13. Rg1 Qh4 14. Rg2 Bxh2 15. Bg5
Qh5 16. Rxd1 O-O 17. Bf6 g6 18. Re1 Qb5+ 19. c4 Qxc4+ 20. Re2 Rfe8 21. Nc3 Rxe2
22. Nxe2 Re8 23. Rxh2 Qxe2+ 24. Kg2 Re3 25. Rh3 Rd3 26. Bg5 Qe1 27. Kg3 Rxd4
28. Kg2 Qe5 29. Bh6 g5 30. Rh5 f6 31. b3 Rh4 32. Rxh4 gxh4 33. f4 Qe4+ 34. Kh3
Qh1+ 35. Kg4 Qg2+ 36. Kxh4 Qh2+ 37. Kg4 Qxh6 38. Kf5 Qg6+ 0-1

[Event "DVM U10 2020"]
[Site "Magdeburg GER"]
[Date "2021.08.07"]
[Round "5"]
[White "Xue, Luka"]
[Black "Goldmann, David"]
[Result "0-1"]
[Termination "normal"]
[Board "1.1"]
[WhiteElo "1496"]
[BlackElo "1629"]
[WhiteClock "00:08:29"]
[BlackClock "00:32:56"]
[WhiteTeam "Düsseldorfer Schachverein 1854"]
[BlackTeam "Hamburger SK von 1830 eV"]
[PlyCount "96"]
[WhiteFideId "16277252"]
[BlackFideId "16268920"]
[EventCountry "GER"]
[EventRounds "7"]
[EventType "team-swiss"]
[EventDate "2021.08.06"]

1. d4 {[%clk 00:54:57]} {[%emt 00:00:12]} d5 {[%clk 00:55:03]} {[%emt
00:00:08]} 2. c4 {[%clk 00:54:57]} {[%emt 00:00:05]} e6 {[%clk 00:55:03]}
{[%emt 00:00:05]} 3. Nc3 {[%clk 00:54:58]} {[%emt 00:00:04]} c6 {[%clk
00:55:00]} {[%emt 00:00:07]} 4. cxd5 {[%clk 00:53:24]} {[%emt 00:01:39]} exd5
{[%clk 00:54:55]} {[%emt 00:00:10]} 5. Nf3 {[%clk 00:48:51]} {[%emt 00:04:38]}
Bf5 {[%clk 00:54:05]} {[%emt 00:00:55]} 6. Bf4 {[%clk 00:45:48]} {[%emt
00:03:09]} Bd6 {[%clk 00:52:24]} {[%emt 00:01:45]} 7. Bxd6 {[%clk 00:44:55]}
{[%emt 00:00:58]} Qxd6 {[%clk 00:52:24]} {[%emt 00:00:05]} 8. e3 {[%clk
00:43:28]} {[%emt 00:01:32]} Nd7 {[%clk 00:51:21]} {[%emt 00:01:07]} 9. Bd3
{[%clk 00:42:43]} {[%emt 00:00:51]} Bxd3 {[%clk 00:51:10]} {[%emt 00:00:15]}
10. Qxd3 {[%clk 00:42:40]} {[%emt 00:00:08]} Ngf6 {[%clk 00:50:58]} {[%emt
00:00:17]} 11. O-O {[%clk 00:42:13]} {[%emt 00:00:32]} O-O {[%clk 00:50:00]}
{[%emt 00:01:03]} 12. Rfe1 {[%clk 00:41:16]} {[%emt 00:01:03]} Rfe8 {[%clk
00:49:04]} {[%emt 00:01:02]} 13. e4 {[%clk 00:38:18]} {[%emt 00:03:03]} dxe4
{[%clk 00:48:36]} {[%emt 00:00:32]} 14. Nxe4 {[%clk 00:38:14]} {[%emt
00:00:09]} Nxe4 {[%clk 00:48:33]} {[%emt 00:00:08]} 15. Rxe4 {[%clk 00:38:13]}
{[%emt 00:00:06]} Rxe4 {[%clk 00:48:19]} {[%emt 00:00:19]} 16. Qxe4 {[%clk
00:38:11]} {[%emt 00:00:07]} Nf6 {[%clk 00:48:18]} {[%emt 00:00:06]} 17. Qd3
{[%clk 00:29:10]} {[%emt 00:09:06]} Re8 {[%clk 00:47:29]} {[%emt 00:00:54]} 18.
Re1 {[%clk 00:28:12]} {[%emt 00:01:03]} Rxe1+ {[%clk 00:46:57]} {[%emt
00:00:37]} 19. Nxe1 {[%clk 00:28:08]} {[%emt 00:00:08]} Qe6 {[%clk 00:47:00]}
{[%emt 00:00:03]} 20. Qb1 {[%clk 00:26:37]} {[%emt 00:01:36]} h6 {[%clk
00:45:53]} {[%emt 00:01:12]} 21. Nf3 {[%clk 00:25:48]} {[%emt 00:00:54]} Qe2
{[%clk 00:45:37]} {[%emt 00:00:21]} 22. h3 {[%clk 00:23:08]} {[%emt 00:02:46]}
Nd5 {[%clk 00:43:46]} {[%emt 00:01:54]} 23. Qf5 {[%clk 00:21:58]} {[%emt
00:01:16]} Qe7 {[%clk 00:41:44]} {[%emt 00:02:07]} 24. Ne5 {[%clk 00:20:12]}
{[%emt 00:01:51]} g6 {[%clk 00:40:07]} {[%emt 00:01:42]} 25. Qd7 {[%clk
00:19:21]} {[%emt 00:00:55]} Qxd7 {[%clk 00:39:51]} {[%emt 00:00:22]} 26. Nxd7
{[%clk 00:19:20]} {[%emt 00:00:06]} Nf4 {[%clk 00:39:39]} {[%emt 00:00:17]} 27.
a3 {[%clk 00:18:16]} {[%emt 00:01:09]} Ne2+ {[%clk 00:39:35]} {[%emt 00:00:09]}
28. Kf1 {[%clk 00:18:15]} {[%emt 00:00:07]} Nxd4 {[%clk 00:39:31]} {[%emt
00:00:08]} 29. Ke1 {[%clk 00:17:21]} {[%emt 00:00:59]} b6 {[%clk 00:39:12]}
{[%emt 00:00:24]} 30. Ne5 {[%clk 00:16:56]} {[%emt 00:00:30]} Kg7 {[%clk
00:39:02]} {[%emt 00:00:15]} 31. Kd2 {[%clk 00:16:47]} {[%emt 00:00:13]} f6
{[%clk 00:38:52]} {[%emt 00:00:16]} 32. Nc4 {[%clk 00:16:39]} {[%emt 00:00:12]}
Nf5 {[%clk 00:38:20]} {[%emt 00:00:38]} 33. g4 {[%clk 00:16:11]} {[%emt
00:00:33]} Ne7 {[%clk 00:38:14]} {[%emt 00:00:10]} 34. Kd3 {[%clk 00:15:01]}
{[%emt 00:01:16]} Kf7 {[%clk 00:36:48]} {[%emt 00:01:31]} 35. b4 {[%clk
00:13:52]} {[%emt 00:01:14]} Ke6 {[%clk 00:36:26]} {[%emt 00:00:27]} 36. Kd4
{[%clk 00:13:35]} {[%emt 00:00:22]} Nd5 {[%clk 00:35:49]} {[%emt 00:00:41]} 37.
Ke4 {[%clk 00:12:20]} {[%emt 00:01:21]} f5+ {[%clk 00:34:37]} {[%emt 00:01:17]}
38. gxf5+ {[%clk 00:12:11]} {[%emt 00:00:14]} gxf5+ {[%clk 00:34:41]} 39. Kf3
{[%clk 00:11:28]} {[%emt 00:00:49]} Kf6 {[%clk 00:34:12]} {[%emt 00:00:34]} 40.
h4 {[%clk 00:11:20]} {[%emt 00:00:14]} Ke6 {[%clk 00:33:56]} {[%emt 00:00:20]}
41. Ke2 {[%clk 00:10:15]} {[%emt 00:01:11]} Nf4+ {[%clk 00:33:45]} {[%emt
00:00:15]} 42. Kf3 {[%clk 00:10:08]} {[%emt 00:00:12]} Ng6 {[%clk 00:33:45]}
{[%emt 00:00:04]} 43. h5 {[%clk 00:09:01]} {[%emt 00:01:12]} Ne5+ {[%clk
00:33:41]} {[%emt 00:00:09]} 44. Nxe5 {[%clk 00:08:53]} {[%emt 00:00:13]} Kxe5
{[%clk 00:33:45]} {[%emt 00:00:02]} 45. Ke3 {[%clk 00:08:45]} {[%emt 00:00:13]}
a5 {[%clk 00:33:09]} {[%emt 00:00:41]} 46. f4+ {[%clk 00:08:37]} {[%emt
00:00:13]} Kd5 {[%clk 00:33:07]} {[%emt 00:00:07]} 47. Kd3 {[%clk 00:08:39]}
{[%emt 00:00:03]} axb4 {[%clk 00:32:52]} {[%emt 00:00:19]} 48. axb4 {[%clk
00:08:29]} {[%emt 00:00:15]} b5 {[%clk 00:32:56]} {[%emt 00:00:02]} 49. Kd4+
{[%emt 00:01:09]} Ke5+ 0-1